LEADER 01316nam1-22003611i-450- 001 990005402350203316 005 20050712120000.0 035 $a000540235 035 $aUSA01000540235 035 $a(ALEPH)000540235USA01 035 $a000540235 100 $a20050428g1979-------|0itac50------ba 101 $aita 102 $aIT 105 $a|||| ||||| 200 1 $aEsplorazioni geografiche e sviluppo del colonialismo nell'eta della rivoluzione industriale$fFrancesco Surdich 210 $aFirenze$cLa nuova Italia$d[1979] 215 $av.$d20 cm. 463 \1$1001990005412270203316$12001 $a<> Esplorazioni coloniale ed organizzazione del consenso 463 \1$1001990005413980203316$12001 $a<> Esplorazioni geografiche e sviluppo del colonialismo nell'età della rivoluzione industriale 606 $aEsplorazioni$xSec. 19.$2FI 606 $aColonialismo$xSec. 19.$2FI 620 $dFirenze 676 $a910.9$cStoria, geografia, persone$v21 700 1$aSURDICH,$bFrancesco$0129351 712 $aLa nuova Italia 801 $aIT$bSOL$c20120104 912 $a990005402350203316 959 $aBK 969 $aDISES 979 $c20121027$lUSA01$h1531 996 $aEsplorazioni geografiche e sviluppo del colonialismo nell'età della rivoluzione industriale$998623 997 $aUNISA LEADER 01229nam--2200385---450- 001 990002086280203316 005 20101203105227.0 035 $a000208628 035 $aUSA01000208628 035 $a(ALEPH)000208628USA01 035 $a000208628 100 $a20041015d1981----km-y0itay0103----ba 101 0 $aita 102 $aIT 105 $a||||||||001yy 200 1 $aPotere pubblico ed ambiente$econtributo allo studio della etero-integrazione di norma penale$fDario Bortolotti 210 $aMilano$cA. Giuffré$d1981 215 $a165 p.$d25 cm 225 2 $aSeminario giuridico della Università di Bologna$v93 410 0$12001$aSeminario giuridico della Università di Bologna$v93 454 1$12001 461 1$1001-------$12001 606 0 $aNorma penale 676 $a345 700 1$aBORTOLOTTI,$bDario$0262688 801 0$aIT$bsalbc$gISBD 912 $a990002086280203316 951 $aXXV.3.M. 31 (IG XI 364)$b7419 E.C.$cXXV.3.M. 31 (IG XI)$d00207457 959 $aBK 969 $aGIU 979 $aSIAV1$b10$c20041015$lUSA01$h1419 979 $aRSIAV1$b90$c20090514$lUSA01$h1434 979 $aRSIAV2$b90$c20101203$lUSA01$h1052 996 $aPotere pubblico ed ambiente$9690354 997 $aUNISA